| 000 | 00500nam a2200169Ia 4500 | ||
|---|---|---|---|
| 003 | IN-BaIIA | ||
| 008 | 211028s9999 xx s 000 0 eng d | ||
| 020 | _a9780819439154 (Print) | ||
| 020 | _a9780819478504 (Online) | ||
| 040 | _cIIA Library | ||
| 100 |
_aKidger, Michael J. _940943 |
||
| 245 | 0 |
_aFundamental Optical Design _h[eBook] |
|
| 260 |
_aWashington, USA _bSPIE _c2001 |
||
| 300 | _aOnline resource | ||
| 856 |
_uhttps://doi.org/10.1117/3.397107 _yClick Here to Access eBook |
||
| 942 | _cEB | ||
| 999 |
_c22246 _d22246 |
||